Los orígenes del Consejo de Ministros en España : (Record no. 182144)

MARC details
000 -LEADER
campo de control de longitud fija 02468nam a2200433 i 4500
001 - NÚMERO DE CONTROL
campo de control 182144
003 - IDENTIFICADOR DE NÚMERO DE CONTROL
campo de control ES-MaACL
005 - FECHA Y HORA DE LA ÚLTIMA TRANSACCIÓN
campo de control 20250901063140.0
007 - CAMPO FIJO DE DESCRIPCIÓN FÍSICA--INFORMACIÓN GENERAL
campo de control de longitud fija t|
008 - DATOS DE LONGITUD FIJA--INFORMACIÓN GENERAL
campo de control de longitud fija 130620e2001 sp |r 00110dspa
017 ## - NÚMERO DE COPYRIGHT O DE DEPÓSITO LEGAL
Número de copyright o de depósito legal B 12707-2001
Agencia que asigna Oficina Depósito Legal Barcelona
020 ## - NÚMERO INTERNACIONAL ESTÁNDAR DEL LIBRO
Número Internacional Estándar del Libro 84-7491-594-5
040 ## - FUENTE DE CATALOGACIÓN
Centro/agencia transcriptor ES-MaACL
080 ## - NÚMERO DE LA CLASIFICACIÓN DECIMAL UNIVERSAL
Número de la Clasificación Decimal Universal 342.518(460)"1823"(093)
080 ## - NÚMERO DE LA CLASIFICACIÓN DECIMAL UNIVERSAL
Número de la Clasificación Decimal Universal 342.518(460)"17"
080 ## - NÚMERO DE LA CLASIFICACIÓN DECIMAL UNIVERSAL
Número de la Clasificación Decimal Universal 35(460)"17"
080 ## - NÚMERO DE LA CLASIFICACIÓN DECIMAL UNIVERSAL
Número de la Clasificación Decimal Universal 32(460)"17"(093.2)
100 1# - ENTRADA PRINCIPAL--NOMBRE DE PERSONA
Nombre de persona Escudero, José Antonio,
Fechas asociadas al nombre 1936-
Término indicativo de función/relación Autor
9 (RLIN) 239313
245 14 - MENCIÓN DEL TÍTULO
Título Los orígenes del Consejo de Ministros en España :
Resto del título la Junta Suprema de Estado /
Mención de responsabilidad, etc. José Antonio Escudero
250 ## - MENCION DE EDICION
Mención de edición Primera edición: marzo de 2001
260 ## - PUBLICACIÓN, DISTRIBUCIÓN, ETC.
Lugar de publicación, distribución, etc. Madrid :
Nombre del editor, distribuidor, etc. Editorial Complutense,
Fecha de publicación, distribución, etc. 2001
300 ## - DESCRIPCIÓN FÍSICA
Extensión 2 volúmenes (711 ; 882 páginas) ;
Dimensiones 24 cm
500 ## - NOTA GENERAL
Nota general Apéndice documental (v. II)
500 ## - NOTA GENERAL
Nota general Índice
504 ## - NOTA DE BIBLIOGRAFÍA, ETC.
Nota de bibliografía, etc. Bibliografía (v. I)
520 ## - RESUMEN, ETC.
Sumario, etc. José Antonio Escudero reconstruye la aparición y evolución del régimen ministerial a lo largo del siglo XVIII, por lo que es una obra de consulta obligada para conocer las reformas borbónicas y la sucesión de los ministros y ministerios en esa centuria; un clásico de la historia de la Administración. Este libro estudia los orígenes del régimen ministerial en España y examina cómo fue el despacho del rey con los ministros en las distintas épocas, desde el despacho individual e informal al principio, hasta el colectivo y sistematizado después con todos los miembros del Gabinete. Orígenes del régimen ministerial español, pues, y orígenes del despacho reglado y colectivo, que se llamó Junta Suprema de Estado en 1787 y Consejo de Ministros en 1823
594 ## - NOTA AL TITULO Y MENCION DE RESPONSABILIDAD
Nota al título y mención de responsabilidad En portada: Colegio Universitario de Segovia
610 14 - PUNTO DE ACCESO ADICIONAL DE MATERIA--NOMBRE DE ENTIDAD CORPORATIVA
Nombre de entidad corporativa o nombre de jurisdicción como elemento de entrada España.
Unidad subordinada Consejo de Ministros-
Subdivisión de forma Historia
9 (RLIN) 152928
650 #4 - PUNTO DE ACCESO ADICIONAL DE MATERIA--TÉRMINO DE MATERIA
Término de materia o nombre geográfico como elemento de entrada Secretarios de Estado-
Subdivisión geográfica España-
Subdivisión de forma Historia
9 (RLIN) 152929
651 #4 - PUNTO DE ACCESO ADICIONAL DE MATERIA--NOMBRE GEOGRÁFICO
Nombre geográfico España-
Subdivisión general Administración-
Subdivisión cronológica S.XVIII
9 (RLIN) 144197
651 #4 - PUNTO DE ACCESO ADICIONAL DE MATERIA--NOMBRE GEOGRÁFICO
Nombre geográfico España-
Subdivisión general Historia-
Subdivisión cronológica S.XVIII-
Subdivisión de forma Fuentes
9 (RLIN) 157994
710 2# - ENTRADA AGREGADA--NOMBRE DE ENTIDAD CORPORATIVA
Nombre de entidad corporativa o nombre de jurisdicción como elemento de entrada Ediciones Complutense
Término indicativo de función/relación Editor
9 (RLIN) 242163
852 4# - LOCALIZACIÓN
Ubicación ES-MaACL
Sublocalización o colección R.148826
Ubicación en estantería Depósito 1
Signatura antigua Olim: N-5709
Número de control de estantería A-12709
Designación de la unidad física v. 1
Encuadernación Donación: José Luis Abellán
itemnumber 189055
852 4# - LOCALIZACIÓN
Ubicación ES-MaACL
Sublocalización o colección R.148826
Ubicación en estantería Depósito 1
Signatura antigua Olim: N-5710
Número de control de estantería A-12710
Designación de la unidad física v. 2
Encuadernación Donación: José Luis Abellán
itemnumber 200669
903 ## - NOMBRE PERSONAL DE DONANTE
a Abellán, José Luis,
d 1933-2023
e Donante
q 1
9 176509
942 ## - ELEMENTOS DE ENTRADA SECUNDARIOS (KOHA)
Tipo de ítem Koha Libro impreso
Suprimir en OPAC No
Holdings
Estatus retirado Estado de pérdida Fuente del sistema de clasificación o colocación Especificación de materiales (volumen encuadernado u otra parte) Estado de daño No para préstamo Biblioteca de origen Biblioteca actual Ubicación en estantería Fecha de adquisición Fuente de adquisición Total de préstamos Signatura topográfica completa Código de barras Visto por última vez Tipo de ítem Koha
    Clasificación decimal universal v. 1     Biblioteca del Ateneo de Madrid Biblioteca del Ateneo de Madrid Depósito 1 20/06/2013 Donación   A-12709 1191413 23/02/2023 Libro impreso
    Clasificación decimal universal v. 2     Biblioteca del Ateneo de Madrid Biblioteca del Ateneo de Madrid Depósito 1 20/06/2013 Donación   A-12710 101205959 22/10/2023 Libro impreso